Process modeling, simulation, and control for chemical engineers (Record no. 13569)

000 -LEADER
fixed length control field 00630nam a2200217 4500
001 - CONTROL NUMBER
control field 13569
003 - CONTROL NUMBER IDENTIFIER
control field BD-DhUET
008 - FIXED-LENGTH DATA ELEMENTS--GENERAL INFORMATION
fixed length control field 721102s1973 nyua b 001 0 eng
020 ## - INTERNATIONAL STANDARD BOOK NUMBER
International Standard Book Number 0070391572
040 ## - CATALOGING SOURCE
Original cataloging agency DLC
Transcribing agency DLC
Modifying agency BD-DhUET
082 00 - DEWEY DECIMAL CLASSIFICATION NUMBER
Classification number 660.284
Item number LUY/1973
100 ## - MAIN ENTRY--PERSONAL NAME
Personal name Luyben, W. L.
245 10 - TITLE STATEMENT
Title Process modeling, simulation, and control for chemical engineers
250 ## - EDITION STATEMENT
Edition statement 1st ed.
260 ## - PUBLICATION, DISTRIBUTION, ETC. (IMPRINT)
Place of publication, distribution, etc. New York
Name of publisher, distributor, etc. McGraw-Hill
Date of publication, distribution, etc. 1973
300 ## - PHYSICAL DESCRIPTION
Extent xvii, 558 p.
Other physical details illus.
Dimensions 24 cm.
490 0# - SERIES STATEMENT
Series statement McGraw-Hill chemical engineering series
504 ## - BIBLIOGRAPHY, ETC. NOTE
Bibliography, etc Includes bibliographical references.
650 #0 - SUBJECT ADDED ENTRY--TOPICAL TERM
Topical term or geographic name as entry element Chemical processes
942 ## - ADDED ENTRY ELEMENTS (KOHA)
Koha item type General Book
Holdings
Shelving location Source of classification or shelving scheme Koha date last seen Damaged status Price effective from Koha normalized classification for sorting Location (home branch) Koha full call number Date acquired Koha item type Lost status Not for loan Piece designation (barcode) Withdrawn status Sublocation or collection (holding branch) Copy number
Circulation section 2015-03-03 2015-03-03660_284000000000000_LUY_1973Central Library, BUET660.284/LUY/19732015-03-03General Book  39229 Central Library, BUET1
Circulation section 2015-05-18 2015-05-18660_284000000000000_LUY_1973Central Library, BUET660.284/LUY/19732015-05-18General Book  39230 Central Library, BUET2